Блины рвутся! (Запись № 13703414)

Подробности
000 -МАРКЕР
контрольное поле 01523nam2a2200289 4500
001 - ИДЕНТИФИКАТОР ЗАПИСИ
контрольное поле RU\NLR\BIBL_A\022704441
005 - ИДЕНТИФИКАТОР ВЕРСИИ
контрольное поле 20260510043503.0
010 ## - МЕЖДУНАРОДНЫЙ СТАНДАРТНЫЙ НОМЕР КНИГИ (ISBN)
Номер (ISBN) 978-5-17-179843-7
Тираж 1500
021 ## - НОМЕР ГОСУДАРСТВЕННОЙ РЕГИСТРАЦИИ
Код страны Российская Федерация
Номер КН-П-25-071894
Номер Листа государственной регистраци КН-П-25-6963
035 ## - ДРУГИЕ СИСТЕМНЫЕ НОМЕРА
Идентификатор записи (NLR Aleph) 022704441
100 ## - ДАННЫЕ ОБЩЕЙ ОБРАБОТКИ
Данные общей обработки 20260120d2025 u y0rusy50 ca
101 0# - ЯЗЫК РЕСУРСА
Язык текста, звукозаписи и т.д. русский
102 ## - СТРАНА ПУБЛИКАЦИИ ИЛИ ПРОИЗВОДСТВА
Страна публикации Российская Федерация
105 ## - ПОЛЕ КОДИРОВАННЫХ ДАННЫХ: ТЕКСТОВЫЕ МАТЕРИАЛЫ, МОНОГРАФИЧЕСКИЕ
Кодированные данные о монографическом текстовом документе a z 000ay
200 1# - ЗАГЛАВИЕ И СВЕДЕНИЯ ОБ ОТВЕТСТВЕННОСТИ
Основное заглавие Блины рвутся!
Первые сведения об ответственности редакторы-составители: Анна Зимова [и др.]
210 ## - ПУБЛИКАЦИЯ, РАСПРОСТРАНЕНИЕ И ДР.
Дата издания, распространения и т.д. 2025
215 ## - ФИЗИЧЕСКАЯ ХАРАКТЕРИСТИКА
Специфическое обозначение материала и объем 296, [5] c.
Другие сведения о физической характеристике ил.
327 0# - ПРИМЕЧАНИЯ О СОДЕРЖАНИИ
Текст примечания На тит. с. и обл. содерж. авт.: Александр Цыпкин, Александр Бессонов, Александр Маленков, SallyKs, Добрая Веда, Вера Гамаюн, Марлен Герлен, Макар Гладких, Александр Горячко, Полина Егорова [и др.]
461 #0 - УРОВЕНЬ НАБОРА
Встроенное поле 001RU\NLR\BIBL_A\022802829
-- 2001#$aБеспринцЫпные чтения$e[сборник$eпо материалам ежегодного фестиваля "БеспринцЫпные чтения"]$v[# 6]
702 #1 - ИМЯ ЛИЦА - ВТОРИЧНАЯ ОТВЕТСТВЕННОСТЬ
Начальный элемент ввода Зимова
Часть имени, кроме начального элемента ввода А. С.
Расширение инициалов личного имени Анна Сергеевна
Код отношения Составитель
-- Редактор
711 12 - НАИМЕНОВАНИЕ ОРГАНИЗАЦИИ - АЛЬТЕРНАТИВНАЯ ОТВЕТСТВЕННОСТЬ
Начальный элемент ввода "БеспринцЫпные чтения", фестиваль короткой новой прозы
Место проведения временной организации Москва
Дата проведения временной организации 2025
Системный номер авторитетной/нормативной записи 2660594
Идентификатор авторитетной/нормативной записи RU\NLR\AUTH\880628226
942 ## - ДОПОЛНИТЕЛЬНЫЕ ЭЛЕМЕНТЫ ЗАПИСИ (АБИС)
Тип экземпляра АБИС Книга
980 ## - КОЛЛЕКЦИЯ
Название коллекции Национальная библиография

Нет доступных экземпляров.